[Event "FRA-chT4 0506"]
[Site "France"]
[Date "2005.12.04"]
[Round "3"]
[White "Roulier, Damien"]
[Black "Gozillon, Adeline"]
[Result "1-0"]
[WhiteElo "1580"]
[BlackElo "1310"]
[PlyCount "59"]
[EventDate "2005.10.02"]
[EventType "team-tourn"]
[EventRounds "9"]
[EventCountry "FRA"]
[SourceTitle "EXT 2007"]
[Source "ChessBase"]
[SourceDate "2006.11.23"]
[SourceVersion "1"]
[SourceVersionDate "2006.11.23"]
[SourceQuality "1"]

1. e4 e5 2. Nf3 Nc6 3. Bc4 Bc5 4. b4 Bxb4 5. c3 Be7 6. 0-0 Nf6 7. Re1 0-0 8. Ba3 Bxa3 9. Nxa3 d6 10. Rb1 b6 11. d4 Na5 12. Bb5 c6 13. Ba4 Nd7 14. Qe2 h6 15. Red1 Qe7 16. Nc2 a6 17. Ne3 b5 18. Bc2 c5 19. Nf5 Qf6 20. d5 Nb6 21. Ne3 Qd8 22. Nd2 Bd7 23. Rf1 Qc8 24. f4 f6 25. f5 Qe8 26. Qg4 Qf7 27. Rf3 Rab8 28. Rh3 Kh7 29. Qh4 Be8 30. Bd1 1-0

[Event "FRA-chT4 0506"]
[Site "France"]
[Date "2005.10.16"]
[Round "1"]
[White "Prost, Catherine"]
[Black "Gozillon, Adeline"]
[Result "1-0"]
[WhiteElo "1499"]
[BlackElo "1320"]
[PlyCount "73"]
[EventDate "2005.10.02"]
[EventType "team-tourn"]
[EventRounds "9"]
[EventCountry "FRA"]
[SourceTitle "EXT 2007"]
[Source "ChessBase"]
[SourceDate "2006.11.23"]
[SourceVersion "1"]
[SourceVersionDate "2006.11.23"]
[SourceQuality "1"]

1. e4 e5 2. Nc3 Nf6 3. Bc4 Bc5 4. Nf3 Nc6 5. h3 0-0 6. 0-0 b6 7. d3 h6 8. b3 Bb7 9. Bb2 d6 10. Qd2 a6 11. Ne2 b5 12. Bd5 Nxd5 13. exd5 Ne7 14. c4 c6 15. dxc6 Bxc6 16. d4 Bxd4 17. Nfxd4 exd4 18. Qxd4 f6 19. Rad1 Nf5 20. Qc3 Qb6 21. Nd4 Nxd4 22. Rxd4 Rad8 23. Rfd1 Qc7 24. Ba3 Rfe8 25. Bxd6 Rxd6 26. Rxd6 Qb6 27. cxb5 Qxb5 28. Qxc6 Qxc6 29. Rxc6 Ra8 30. Rd7 a5 31. a4 Kh7 32. Rcc7 Kg6 33. Rxg7+ Kh5 34. Ra7 Re8 35. Rxa5+ Re5 36. Rxe5+ fxe5 37. Re7 1-0